| 000 | 00789nam a22002297a 4500 | ||
|---|---|---|---|
| 003 | OSt | ||
| 005 | 20170419181250.0 | ||
| 008 | 170419s1999 sp ad || 000 ||spa|d | ||
| 020 | _a8481643017 | ||
| 040 |
_aES-BaCBU _bcat _cCDMR |
||
| 100 | 1 |
_aLucas Marín, Antonio, _d1945- |
|
| 245 | 1 | 0 |
_aSociología de la comunicación / _cAntonio Lucas Marín, Carmen García Galera, José Antonio Ruiz San Román |
| 260 |
_aMadrid : _bTrotta, _ccop. 1999 |
||
| 300 |
_a276 p. : _bil., gràf., quadres; _c23 cm |
||
| 500 | _aReimpressions: 2003 | ||
| 504 | _aBibliografia | ||
| 650 | 0 | 4 |
_aMitjans de comunicació de massa _xAspectes socials _92757 |
| 650 | 4 |
_aComunicació _xAspectes socials _94289 |
|
| 700 | 1 | _aGarcía Galera, María del Carmen | |
| 700 | 1 | _aRuiz San Román, José A. | |
| 942 | _cMON | ||
| 999 |
_c7019 _d7019 |
||